| 000 | 00531nam a22001337a 4500 | ||
|---|---|---|---|
| 082 |
_a823 _bSHA/M |
||
| 100 | _aSHAKESPEAR, WILLIAM | ||
| 245 | _aMACBETH | ||
| 260 |
_aKUNNAMKULAM _bAMRUTHA PUBLICATIONS |
||
| 300 | _a320 | ||
| 520 | _aThree witches tell the Scottish general Macbeth that he will be King of Scotland. Encouraged by his wife, Macbeth kills the king, becomes the new king, and kills more people out of paranoia. Civil war erupts to overthrow Macbeth, resulting in more death. | ||
| 650 |
_aNOVEL _zINDIA |
||
| 942 | _cBK | ||
| 999 |
_c3959 _d3959 |
||